| 000 | 00998cam a2200265 i 4500 | ||
|---|---|---|---|
| 003 | SA-RiAUC | ||
| 005 | 20250418123916.0 | ||
| 008 | 250317s2007____le g 00000 ara c | ||
| 020 | _a9953814139 | ||
| 040 |
_aSA-RiKAPL _bara _cSA-RiAUC _erda |
||
| 082 | 0 | 4 | _a258.2 |
| 090 |
_a258.2 _b غ ر ي |
||
| 100 | 1 |
_aالغرياني، الصادق عبد الرحمن، _d1942- _eمؤلف. |
|
| 245 | 1 | 2 |
_aالمعاملات في الفقه المالكي : _bأحكام وأدلة / _cالصادق بن عبد الرحمن الغرياني. |
| 250 | _aالطبعة الأولى. | ||
| 264 | 1 |
_aبيروت : _bدار ابن حزم، _c2007 |
|
| 300 |
_a333 صفحة ؛ _c24 سم |
||
| 336 |
_aنص _btxt _2rdacontent _3كتاب |
||
| 337 |
_aبدون وسيط _bn _2rdamedia |
||
| 338 |
_aمجلد _bnc _2rdacarrier |
||
| 650 | 7 |
_aالفقه المالكي _2aucsh |
|
| 650 | 7 |
_aالمعاملات (فقه إسلامي) _2aucsh |
|
| 942 |
_2ddc _cBOOK _n0 |
||
| 949 |
_aSA-JeALM _d250317 _umohamedma123 _n1 |
||
| 999 |
_c7150 _d7150 |
||